• 首页
  • 本馆介绍
  • 公告通知
  • 最新文献
  • 馆藏检索
  • 电子资源
  • 读者导购
  • 参考咨询
  • 我的图书馆
  • 登录
  • 详细信息显示
  • 放入我的书架
  • 预约/预借图书
  • 作者相关作品
  • 分类相关作品
  • 丛书相关作品
  • 出版社相关作品

书目信息

  • 表格格式
  • 工作单格式
  • 卡片格式
题名:
当代美国法律
    
 
作者: 何家弘 主编
分册:  
出版信息: 北京   社会科学文献出版社  2001
页数: 446页
开本: 32开
丛书名: 当代美国丛书
单 册:
中图分类: D971.2
科图分类:
主题词: 法律
电子资源:
ISBN: 7-80149-474-1
000 00601nam0 2200217 45
001 0205150937
005 20031219104055.8
010    @a7-80149-474-1@dCNY26.00
100    @a20020515d2001 km y0chiy0120 ea
101 0  @achi
105    @a z 000yy
200 1  @a当代美国法律@ADang Dai Mei Guo Fa Lu@f何家弘主编@FHe Jia Hong Zhu Bian
210    @a北京@c社会科学文献出版社@d2001
215    @a446页@d32开
225    @a当代美国丛书
410    @12001 @a当代美国丛书
606 0  @a法律
690    @aD971.2@v4
701    @a何家弘@4主编
801    @aCN@bTSTC@c20020515
905    @b309767-770@dD971.2@e26@f4
    
    当代美国法律/何家弘主编.-北京:社会科学文献出版社,2001
    446页;32开.-(当代美国丛书)
    
    
    ISBN 7-80149-474-1:CNY26.00
    
●
相关链接 在E读中查询图书 在五车中查询图书 在当当中查询图书 在豆瓣中查询图书


正题名:当代美国法律     索取号:D971.2/26         预约/预借

序号 登录号 条形码 馆藏地/架位号 状态 备注
1 0309767   203097674   密集书库/ [索取号:D971.2/26] 在馆    
2 0309768   203097683   密集书库/ [索取号:D971.2/26] 在馆    
3 0309769   203097692   第一借阅区/ [索取号:D971.2/26] 在馆    
4 0309770   203097709   第一样本阅览室/ [索取号:D971.2/26] 在馆    
5 0312986   203129863   密集书库/ [索取号:D971.2/26] 在馆    
6 0312987   203129872   密集书库/ [索取号:D971.2/26] 在馆    
7 0312988   203129881   密集书库/ [索取号:D971.2/26] 在馆    
8 0312989   203129890   密集书库/ [索取号:D971.2/26] 在馆    
9 0312990   203129907   密集书库/ [索取号:D971.2/26] 在馆    
10 0312991   203129916   密集书库/ [索取号:D971.2/26] 在馆    
11 0312992   203129925   第一借阅区/ [索取号:D971.2/26] 在馆    
12 0312993   203129934   第一借阅区/ [索取号:D971.2/26] 在馆    
13 0312994   203129943   密集书库/ [索取号:D971.2/26] 在馆    
14 0312995   203129952   密集书库/ [索取号:D971.2/26] 在馆    
唐山师范学院图书馆 欢迎您!
大连网信软件有限公司© 版权所有